Score 0/300 Timer 17:00
0 Plays Today
% Correct
the
100%
and
100%
the
100%
the
100%
the
100%
want
100%
want
100%
the
100%
it
100%
want
100%
want
100%
a
100%
the
100%
a
100%
the
100%
the
100%
want
100%
want
100%
the
100%
it
100%
want
100%
want
100%
the
100%
want
100%
want
100%
the
100%
it
100%
want
100%
want
100%
the
100%
it's
90%
like
90%
driving
90%
with
90%
headlights
90%
out
90%
too
90%
fast
90%
we
90%
can't
90%
slow
90%
down
90%
drinkin'
90%
cause
90%
we
90%
know
90%
it's
90%
wrong
90%
drink
90%
until
90%
it's
90%
right
90%
yeah
90%
it's
90%
like
90%
driving
90%
with
90%
headlights
90%
out
90%
so
90%
cordial
90%
so
90%
stable
90%
so
90%
sure
90%
but
90%
so
90%
confused
90%
too
90%
selfish
90%
too
90%
lonely
90%
too
90%
hard
90%
to
90%
face
90%
truth
90%
i
90%
gotta
90%
say
90%
before
90%
damage
90%
is
90%
done
90%
before
90%
you
90%
take
90%
what
90%
you
90%
before
90%
i
90%
take
90%
too
90%
long
90%
this
90%
isn't
90%
what
90%
i
90%
really
90%
before
90%
% Correct
damage
90%
is
90%
done
90%
before
90%
your
90%
calling
90%
love
90%
before
90%
i
90%
break
90%
your
90%
heart
90%
this
90%
isn't
90%
what
90%
i
90%
really
90%
this
90%
isn't
90%
what
90%
i
90%
really
90%
it's
90%
like
90%
with
90%
to
90%
but
90%
you
90%
know
90%
your
90%
to
90%
it's
90%
your
90%
i
90%
i
90%
to
90%
so
90%
cordial
90%
so
90%
stable
90%
so
90%
sure
90%
but
90%
so
90%
confused
90%
too
90%
selfish
90%
too
90%
lonely
90%
too
90%
hard
90%
to
90%
face
90%
truth
90%
before
90%
damage
90%
is
90%
done
90%
before
90%
you
90%
take
90%
what
90%
you
90%
before
90%
i
90%
take
90%
too
90%
long
90%
this
90%
isn't
90%
what
90%
i
90%
really
90%
before
90%
damage
90%
is
90%
done
90%
before
90%
your
90%
calling
90%
love
90%
before
90%
i
90%
break
90%
your
90%
heart
90%
this
90%
isn't
90%
what
90%
i
90%
really
90%
this
90%
isn't
90%
what
90%
i
90%
really
90%
so
90%
cordial
90%
so
90%
stable
90%
% Correct
so
90%
sure
90%
but
90%
so
90%
confused
90%
too
90%
selfish
90%
too
90%
lonely
90%
but
90%
I
90%
can't
90%
to
90%
you
90%
before
90%
damage
90%
is
90%
done
90%
before
90%
you
90%
take
90%
what
90%
you
90%
before
90%
i
90%
take
90%
too
90%
long
90%
this
90%
isn't
90%
what
90%
i
90%
really
90%
before
90%
damage
90%
is
90%
done
90%
before
90%
your
90%
calling
90%
love
90%
before
90%
i
90%
break
90%
your
90%
heart
90%
this
90%
isn't
90%
what
90%
i
90%
really
90%
this
90%
isn't
90%
what
90%
i
90%
really
90%
before
90%
damage
90%
is
90%
done
90%
before
90%
you
90%
take
90%
gone
80%
swimming
80%
ten
80%
ton
80%
weight
80%
struggle
80%
fate
80%
there's
80%
no
80%
need
80%
kill
80%
lights
80%
obvious
80%
blind
80%
well
80%
found
80%
another
80%
way
80%
lie
80%
guess
70%
start
60%
(want)
50%
(want)
50%
(want)
50%
(want)
50%
(want)
50%
(want)
50%
(want)
50%
commit
50%
(want)
50%
(want)
50%
(want)
50%
(this)
30%
(isn't)
30%
(what)
30%
(I)
30%
(really)
30%

You're not logged in!

Compare scores with friends on all Sporcle quizzes.
OR
Log In

Sporcle TV

Today on Sporcle TV


Watch our educational content, quiz creation guides, and fun videos on Sporcle TV.

Show Comments

Extras

Created Oct 2, 2019ReportNominate
Tags:set

Top Quizzes Today


Score Distribution

Paid Content

Your Account Isn't Verified!

In order to create a playlist on Sporcle, you need to verify the email address you used during registration. Go to your Sporcle Settings to finish the process.

Report this User

Report this user for behavior that violates our Community Guidelines.

Details: